Sports Quiz

Random Sports or Basketball Quiz

Clickable NBA Alma Maters Quiz Stats

 Plays Quiz Updated Jun 17, 2017

     
Support Sporcle.
Go Orange.
Score 0/20 Timer 05:00
0 Plays Today
% Correct
Jeremy Lin
81.1%
Russell Westbrook
80.6%
Carmelo Anthony
80.3%
Kyrie Irving
77.6%
Dwyane Wade
75.2%
Paul Pierce
66.2%
Rajon Rondo
66%
LaMarcus Aldridge
63.2%
Jason Kidd
58.3%
Kyle Korver
57.5%
% Correct
Glen Davis
54.9%
DeAndre Jordan
54.1%
Chauncey Billups
53.5%
Randy Foye
50.2%
Zach Randolph
48.6%
Joe Johnson
45%
Chris Kaman
42.2%
J.J. Hickson
39.7%
Devin Ebanks
38.6%
Joey Graham
33.6%

From the Vault

The Same Game

by AEJCCS

To save you the time of entering the answer twice.
Remove Ads.
Support Sporcle.
Get the best of Sporcle when you Go Orange. This ad-free experience offers more features, more stats, and more fun while also helping to support Sporcle. Thank you for becoming a member.

Show Comments

Extras

Top Quizzes Today


Score Distribution

Your Account Isn't Verified!

In order to create a playlist on Sporcle, you need to verify the email address you used during registration. Go to your Sporcle Settings to finish the process.

Report this User

Report this user for behavior that violates our Community Guidelines.

Details: